Dynamics of magnetically trapped particles (Record no. 18986)
[ view plain ]
| 000 -LEADER | |
|---|---|
| fixed length control field | 00752nam a2200229Ia 4500 |
| 003 - CONTROL NUMBER IDENTIFIER | |
| control field | IN-BaIIA |
| 008 - FIXED-LENGTH DATA ELEMENTS--GENERAL INFORMATION | |
| fixed length control field | 211028s9999 xx 000 0 eng d |
| 020 ## - INTERNATIONAL STANDARD BOOK NUMBER | |
| International Standard Book Number | 978-3-642-41529-6 |
| 040 ## - CATALOGING SOURCE | |
| Transcribing agency | IIA Library |
| 080 ## - UNIVERSAL DECIMAL CLASSIFICATION NUMBER | |
| Universal Decimal Classification number | 52(082.1) |
| Item number | ASS-403 |
| 100 ## - MAIN ENTRY--PERSONAL NAME | |
| Personal name | Roederer, Juan G |
| 9 (RLIN) | 36241 |
| 245 #0 - TITLE STATEMENT | |
| Title | Dynamics of magnetically trapped particles |
| Remainder of title | foundations of the physics of radiation belts and space plasmas |
| Statement of responsibility, etc. | Juan G Roederer and Hui Zhang |
| 250 ## - EDITION STATEMENT | |
| Edition statement | 2nd ed. |
| 260 ## - PUBLICATION, DISTRIBUTION, ETC. | |
| Place of publication, distribution, etc. | Heidelberg |
| Name of publisher, distributor, etc. | Springer |
| Date of publication, distribution, etc. | 2014 |
| 300 ## - PHYSICAL DESCRIPTION | |
| Extent | xviii, 192p. |
| 490 ## - SERIES STATEMENT | |
| Series statement | Astrophysics and space science library; v. 403 |
| 650 ## - SUBJECT ADDED ENTRY--TOPICAL TERM | |
| Topical term or geographic name entry element | Magnetohydrodynamics |
| 9 (RLIN) | 1666 |
| 650 ## - SUBJECT ADDED ENTRY--TOPICAL TERM | |
| Topical term or geographic name entry element | Radiation belts |
| 9 (RLIN) | 36242 |
| 650 ## - SUBJECT ADDED ENTRY--TOPICAL TERM | |
| Topical term or geographic name entry element | Space plasmas |
| 9 (RLIN) | 10937 |
| 700 ## - ADDED ENTRY--PERSONAL NAME | |
| Personal name | Zhang, Hui |
| 9 (RLIN) | 36243 |
| 942 ## - ADDED ENTRY ELEMENTS (KOHA) | |
| Koha item type | Books |
| Withdrawn status | Lost status | Damaged status | Not for loan | Home library | Current library | Shelving location | Date acquired | Source of acquisition | Cost, normal purchase price | Total Checkouts | Full call number | Barcode | Date last seen | Cost, replacement price | Price effective from | Koha item type | Purchase Price |
|---|---|---|---|---|---|---|---|---|---|---|---|---|---|---|---|---|---|
| IIA Library-Bangalore | IIA Library-Bangalore | General Stacks | 16/03/2015 | ANJ | 1989.00 | 52(082.1)/ ASS-403 | 19908 | 05/11/2021 | 1989.00 | 16/03/2015 | Books | Rs. 1989.00 |